Statystyki dla Stolice Azji - Quiz na mapie

Kliknij tutaj aby rozwiązać quiz!

Ogólne statystyki

  • Ten quiz został rozwiązany 12 686 razy
  • Średni wynik to 24 z 48

Odpowiedzi na mapie

Odpowiedzi skodowane kolorowo w zielono-czerwonej skali na mapie do tego quizu, zgodnie z poniższymi procentami.
 

Statystyki odpowiedzi

Odpowiedź% Poprawnych
Pekin
85%
Tokio
85%
Seul
80%
Nowe Delhi
77%
Pjongjang
77%
Ułan Bator
74%
Ankara
72%
Tajpej
68%
Sri Dźajawardanapura Kotte
66%
Nikozja
64%
Singapur
64%
Bangkok
60%
Jerozolima
60%
Abu Zabi
59%
Kuwejt
56%
Astana
54%
Tbilisi
54%
Teheran
54%
Baku
53%
Dżakarta
53%
Manila
53%
Hanoi
52%
Katmandu
49%
Rijad
49%
Erywań
48%
Islamabad
48%
Bagdad
47%
Kabul
47%
Kuala Lumpur
47%
Damaszek
45%
Dhaka
45%
Bejrut
44%
Male
44%
Wientian
42%
Phnom Penh
41%
Doha
39%
Amman
36%
Bandar Seri Begawan
35%
Naypyidaw
35%
Sana
35%
Thimphu
34%
Dili
33%
Maskat
33%
Biszkek
32%
Taszkent
29%
Aszchabad
28%
Duszanbe
25%
Manama
25%

Rozkład punktacji

Percentyl według liczby udzielonych odpowiedzi

Procent ludzi z każdym wynikiem

Twoja historia wyników

Nie rozwiązałeś tego quizu